Normal view
MARC view
- Electric motor drives modeling, analysis, and control
Entry Topical Term
001 - CONTROL NUMBER
- control field: 124892
003 - CONTROL NUMBER IDENTIFIER
- control field: NUST
005 - DATE AND TIME OF LATEST TRANSACTION
- control field: 20240730141644.0
008 - FIXED-LENGTH DATA ELEMENTS
- fixed length control field: 240730|| aca||aabn | a|a d
040 ## - CATALOGING SOURCE
- Original cataloging agency: NUST
- Transcribing agency: NUST
150 ## - HEADING--TOPICAL TERM
- Topical term or geographic name entry element: Electric motor drives modeling, analysis, and control
670 ## - SOURCE DATA FOUND
- Source citation: Work cat.: (NUST): R. Krishnan 124891, Electric motor drives modeling, analysis, and control , 2003.
